00323nam a2200121Ia 4500008004100000020002200041041001200063082001900075100003000094245003000124260003600154300001100190231217s9999 xx 000 0 und d aISBN 019-925938-0 aEnglish a001.42 BRY R aBryman, Alan. Bell, Emma. 0aBusiness research methods c2003bOxford UniversityaOxford axv+608